Loading...
Administering development in the third world
| Main Author: | |
|---|---|
| Format: | Printed Book |
| Language: | Undetermined |
| Published: |
New Delhi
SAGE publications
1986
|
| LEADER | 00552nam a2200145Ia 4500 | ||
|---|---|---|---|
| 008 | 161229s9999 xx 000 0 und d | ||
| 020 | |a 8170360269 | ||
| 082 | |a 307.141 2 MAT/AD | ||
| 100 | |a Mathur, Hari Mohan | ||
| 245 | |a Administering development in the third world | ||
| 260 | |b SAGE publications |a New Delhi |c 1986 | ||
| 300 | |a 167 | ||
| 942 | |c BK | ||
| 999 | |c 150003 |d 150003 | ||
| 952 | |0 0 |1 0 |4 0 |6 307_141000000000000_2_MATAD |7 0 |9 149043 |a KAUCLV |b KAUCLV |d 2016-12-29 |o 307.141 2 MAT/AD |p 901312 |r 2016-12-29 |w 2016-12-29 |y BK |z Book transferred from CCBM Library ,Acc.No:1828 | ||